Fundamentals of double-entry book keeping (Record no. 6056)
[ view plain ]
| 000 -LEADER | |
|---|---|
| fixed length control field | 00464cam a2200181ua 4500 |
| 008 - FIXED-LENGTH DATA ELEMENTS--GENERAL INFORMATION | |
| fixed length control field | 140307n ii |||gr||||Z||||||eng |
| 040 ## - CATALOGING SOURCE | |
| Transcribing agency | MAIN |
| 082 ## - DEWEY DECIMAL CLASSIFICATION NUMBER | |
| Classification number | 657.2 |
| 245 ## - TITLE STATEMENT | |
| Title | Fundamentals of double-entry book keeping |
| Statement of responsibility, etc. | By P.C. Jain |
| 250 ## - EDITION STATEMENT | |
| Edition statement | 1st ed. |
| 260 ## - PUBLICATION, DISTRIBUTION, ETC. | |
| Place of publication, distribution, etc. | Dibrugarh: |
| Name of publisher, distributor, etc. | Abhinav enterprise, |
| Date of publication, distribution, etc. | 1983. |
| 300 ## - PHYSICAL DESCRIPTION | |
| Extent | x,299p. |
| 700 ## - ADDED ENTRY--PERSONAL NAME | |
| Personal name | Jain,P.C., |
| Relator term | |
| 942 ## - ADDED ENTRY ELEMENTS (KOHA) | |
| Koha item type | Books |
| 653 ## - INDEX TERM--UNCONTROLLED | |
| Uncontrolled term | Accounting |
| 653 ## - INDEX TERM--UNCONTROLLED | |
| Uncontrolled term | Double-entry book keeping |
| Withdrawn status | Lost status | Damaged status | Not for loan | Home library | Current library | Shelving location | Date acquired | Total Checkouts | Full call number | Barcode | Date last seen | Copy number | Price effective from | Koha item type |
|---|---|---|---|---|---|---|---|---|---|---|---|---|---|---|
| Central Library, Naharkatiya College | Central Library, Naharkatiya College | General Stacks | 19/09/2020 | 657.2 | JAI | 13817 | 19/09/2020 | 1 | 19/09/2020 | Books | |||||
| Central Library, Naharkatiya College | Central Library, Naharkatiya College | General Stacks | 19/09/2020 | 657.2 | JAI | 13818 | 19/09/2020 | 2 | 19/09/2020 | Books |
